000 00520nam a2200169Ia 4500
999 _c23440
_d23440
003 OSt
005 20200520091832.0
008 190216s9999||||xx |||||||||||||| ||und||
020 _a9788174355287
040 _coclc
082 _a330.1
_bAHM/E
100 _aAhmad, Sheikh Mahmud
_92450
245 0 _aEconomics Of Islam A comparative Study /
_cSheikh Mahmud Ahmad
260 _bAdam Publishers&Distributors,
_c2014.
_aNew Delhi:
300 _a228p
942 _cBK
_2ddc
_h330.1
_iAHM/E
_k330.1
_mAHM/E